Справочник по климату в СССР. Вып. 16: [Армянская ССР] (Запись № 6542709)

Подробности
000 -МАРКЕР
контрольное поле 02255nam2a22003251 4500
001 - ИДЕНТИФИКАТОР ЗАПИСИ
контрольное поле rc\3716615
005 - ИДЕНТИФИКАТОР ВЕРСИИ
контрольное поле 20250610041112.0
021 ## - НОМЕР ГОСУДАРСТВЕННОЙ РЕГИСТРАЦИИ
Код страны российская федерация
Номер [74-92693]
035 ## - ДРУГИЕ СИСТЕМНЫЕ НОМЕРА
Идентификатор записи (NLR Aleph) 007681470
100 ## - ДАННЫЕ ОБЩЕЙ ОБРАБОТКИ
Данные общей обработки 20130115d1973 |||y0rusy50 ca
101 0# - ЯЗЫК РЕСУРСА
Язык текста, звукозаписи и т.д. русский
102 ## - СТРАНА ПУБЛИКАЦИИ ИЛИ ПРОИЗВОДСТВА
Страна публикации российская федерация
105 ## - ПОЛЕ КОДИРОВАННЫХ ДАННЫХ: ТЕКСТОВЫЕ МАТЕРИАЛЫ, МОНОГРАФИЧЕСКИЕ
Кодированные данные о монографическом текстовом документе b z |||||
200 1# - ЗАГЛАВИЕ И СВЕДЕНИЯ ОБ ОТВЕТСТВЕННОСТИ
Основное заглавие [Армянская ССР]
Сведения, относящиеся к заглавию Данные за отд. годы
Первые сведения об ответственности [Сост. И.С. Торосян, У.М. Вирабян, Э.Л. Азатян, Н.М. Мнацаканян]
Последующие сведения об ответственности Гл. упр. гидрометеорол. службы при Совете Министров СССР. Ереван. гидрометеорол. обсерватория. Упр. гидрометслужбы АрмССР
Обозначение и номер части Ч. 7
Наименование части Атмосферные явления. Туманы, метели, грозы, град
210 ## - ПУБЛИКАЦИЯ, РАСПРОСТРАНЕНИЕ И ДР.
Место издания, распространения и т.д. Тбилиси
Дата издания, распространения и т.д. 1973
215 ## - ФИЗИЧЕСКАЯ ХАРАКТЕРИСТИКА
Специфическое обозначение материала и объем 236 с.
Другие сведения о физической характеристике карт.
Размеры 28
461 #0 - УРОВЕНЬ НАБОРА
Встроенное поле 001rc\3716534
-- 2001#$aСправочник по климату в СССР$e[В 34 вып.]$eВып. 1-$fГл. упр. гидрометеорол. службы при Совете Министров СССР. Сев. упр. гидрометеорол. службы. Арханг. гидрометеорол. обсерватория$vВып. 16
Системный номер (АБИС) связанной записи 6541868
Место публикации Архангельск
Дата публикации 1972-
Первые сведения об ответственности Гл. упр. гидрометеорол. службы при Совете Министров СССР. Сев. упр. гидрометеорол. службы. Арханг. гидрометеорол. обсерватория
Имя издателя, распространителя и т.д. Б. и.
Сведения, относящиеся к заглавию [В 34 вып.] : Вып. 1-
Заглавие Справочник по климату в СССР
Номер тома Вып. 16
517 0# - ДРУГИЕ ВАРИАНТЫ ЗАГЛАВИЯ
Вариант заглавия Туманы, метели, грозы, град
532 12 - РАСШИРЕННОЕ ЗАГЛАВИЕ
Заглавие Армянская Советская Социалистическая Республика
606 ## - НАИМЕНОВАНИЕ ТЕМЫ КАК ПРЕДМЕТ
Наименование темы Метеорологические наблюдения
Географический подзаголовок Армянская ССР
Формальный подзаголовок Справочники (вып. 16)
Код системы psbo
702 #1 - ИМЯ ЛИЦА - ВТОРИЧНАЯ ОТВЕТСТВЕННОСТЬ
Начальный элемент ввода Вирабян
Часть имени, кроме начального элемента ввода У.М.
Код отношения Составитель
702 #1 - ИМЯ ЛИЦА - ВТОРИЧНАЯ ОТВЕТСТВЕННОСТЬ
Начальный элемент ввода Азатян
Часть имени, кроме начального элемента ввода Э.Л.
Код отношения Составитель
702 #1 - ИМЯ ЛИЦА - ВТОРИЧНАЯ ОТВЕТСТВЕННОСТЬ
Начальный элемент ввода Мнацаканян
Часть имени, кроме начального элемента ввода Н.М.
Код отношения Составитель
702 #1 - ИМЯ ЛИЦА - ВТОРИЧНАЯ ОТВЕТСТВЕННОСТЬ
Начальный элемент ввода Торосян
Часть имени, кроме начального элемента ввода И.С.
Код отношения Составитель
801 #0 - ИСТОЧНИК ЗАПИСИ
Страна российская федерация
Организация NLR
Правила каталогизации psbo
801 #1 - ИСТОЧНИК ЗАПИСИ
Страна российская федерация
Организация ELAR
Источник данных rusmarc
852 ## - МЕСТОНАХОЖДЕНИЕ И ШИФР ХРАНЕНИЯ
Идентификатор организации NLR
Шифр хранения (Call Number) 69-7/3298
942 ## - ДОПОЛНИТЕЛЬНЫЕ ЭЛЕМЕНТЫ ЗАПИСИ (АБИС)
Тип экземпляра АБИС Книга
980 ## - КОЛЛЕКЦИЯ
Название коллекции Национальная библиография
Экземпляры
Тип экземпляра Дата поступления Библиотека постоянного хранения Библиотека текущего хранения Место хранения Шифр хранения Штрих-код Статус не для выдачи
Книга 26.10.2013 РНБ (Московский) РНБ (Московский) Русский книжный фонд: издания с 1957 года, 3этаж Хран 69-7/3298 7681470-10